El diario fantasma de Julito Cabello

Saved in:
Bibliografiske detaljer
Hovedforfatter: Cabezas, Esteban (Author)
Format: Bog
Sprog:spansk
Udgivet: Santiago Norma 2013
Udgivelse:1a. ed
Serier:Colección Torre de Papel Azul
Fag:
Tags: Tilføj Tag
Ingen Tags, Vær først til at tagge denne postø!

MARC

LEADER 00000cam a2200000 a 4500
001 UCC5474
003 CL-VaPUC
008 181012e20130000cl |||||||||||||||||spa|d
020 |a 9789563003512 
082 0 4 |a Ch863  |b CAB  |2 21 
100 0 |a Cabezas, Esteban  |e author  |9 599777 
245 1 3 |a El diario fantasma de Julito Cabello 
250 |a 1a. ed 
300 |a 254 p 
942 |c BK 
945 |d 20181012 13:26:00  |a dcastane 
260 |a Santiago  |b Norma  |c 2013 
650 0 |a Cuentos chilenos   |9 308280 
650 0 |a Cuentos infantiles  |9 308044 
650 0 |a Literatura infantil   |9 307465 
583 |a last modification  |c 20181012 13:26:00  |k Rodrigo Vera 
490 0 |a Colección Torre de Papel Azul 
999 |c 372685  |d 372683